000
00238nam a22001097a 4500
082
_a
954/SUR
100
_a
Sur,Dr.A.K.
_9
83654
245
_a
Ethnicity Of Hindu Culture
260
_a
Kolkata
_b
Kallol
_c
2022
650
_a
History
942
_c
BK
999
_c
68597
_d
68597